Music Quiz

Random Music or Rock Quiz

Daylight Lyrics - 5 Seconds of Summer Quiz Stats

Quiz not verified by Sporcle

Challenge
Share
Tweet
Embed
Score 0/289 Timer 05:00
0 Plays Today
Lyrics % Correct
the
99.4%
a
99.4%
the
99.4%
a
99.4%
a
99.4%
And
99.4%
the
99.4%
the
99.4%
a
99.4%
and
99.4%
the
99.4%
And
99.4%
the
99.4%
a
99.4%
And
99.4%
the
99.4%
the
99.4%
And
99.4%
the
99.4%
And
99.4%
the
99.4%
And
99.4%
I
99.3%
I
99.3%
I
99.3%
I
99.3%
I
99.3%
I
99.3%
I
99.3%
I
99.3%
I
99.3%
I
99.3%
I
99.3%
I
99.3%
you
97.6%
you
97.6%
you
97.6%
you
97.6%
you
97.6%
He
97.3%
in
96.8%
in
96.8%
in
96.8%
in
96.8%
to
96%
to
96%
to
96%
to
96%
to
96%
to
96%
to
96%
to
96%
to
96%
to
96%
to
96%
to
96%
feel
95.5%
feel
95.5%
feel
95.5%
go
95.3%
go
95.3%
got
95.2%
got
95.2%
got
95.2%
got
95.2%
got
95.2%
can't
94.5%
can't
94.5%
can't
94.5%
heart
93.2%
heart
93.2%
me
92.6%
me
92.6%
me
92.6%
me
92.6%
me
92.6%
me
92.6%
all
92%
all
92%
all
92%
all
92%
all
92%
friend
91.8%
do
90.3%
do
90.3%
read
90.2%
Twilight
90.2%
look
90%
my
89.9%
my
89.9%
at
89.7%
of
89.6%
of
89.6%
light
89.3%
He's
89.2%
he's
89.2%
he's
89.2%
Lyrics % Correct
same
89%
She
88.3%
She
88.3%
who's
88%
give
87.7%
addicted
87.6%
start
87.3%
start
87.3%
start
87.3%
doesn't
87%
Doesn't
87%
comic
86.8%
what
86.5%
did
86.3%
every
86%
right
85.5%
But
85.2%
but
85.2%
But
85.2%
sci-fi
83.5%
your
83.3%
your
83.3%
feeling
83.1%
feeling
83.1%
feeling
83.1%
She's
83%
She's
83%
She's
83%
it
82.7%
it
82.7%
it
82.7%
it
82.7%
It
82.7%
it
82.7%
Knowing
82.1%
need
81.4%
point
81.3%
never
81.3%
view
81%
another
80.6%
wrong
80.3%
night
78.5%
no
78.4%
goosebumps
78.2%
Daylight
78.1%
daylight
78.1%
daylight
78.1%
Daylight
78.1%
been
77.6%
head's
77.4%
like
77.4%
like
77.4%
said
77.2%
you're
77.1%
kissing
77.1%
you're
77.1%
you're
77.1%
Pulling
77%
that
77%
that
77%
that
77%
that
77%
until
76.7%
until
76.7%
He'll
76.1%
method
76.1%
over
75.9%
over
75.9%
killing
75.4%
getting
75.3%
getting
75.3%
Yeah
75.2%
gonna
75%
tripping
74.7%
committed
74.6%
we
73.8%
we
73.8%
beating
73.7%
started
73.7%
started
73.7%
blood
73.6%
bodies
73.5%
bodies
73.5%
Sucking
73.2%
colder
73.2%
colder
73.2%
Before
73.1%
Before
73.1%
was
73%
was
73%
stops
72.9%
our
72.4%
our
72.4%
running
70.7%
running
70.7%
gives
69.9%
gives
69.9%
Lyrics % Correct
Now
69.7%
Now
69.7%
Now
69.7%
from
68.8%
from
68.8%
lost
68.8%
road
67.6%
road
67.6%
leads
66.8%
leads
66.8%
is
65.8%
is
65.8%
is
65.8%
there
65.4%
there
65.4%
nowhere
65%
nowhere
65%
led
64.8%
Fooling
64.7%
around
64.6%
fight
64.5%
fight
64.5%
I'm
63.9%
I'm
63.9%
I'm
63.9%
I'm
63.9%
I'm
63.9%
I'm
63.9%
I'm
63.9%
I'm
63.9%
I'm
63.9%
you've
63.8%
want
62.1%
want
62.1%
it's
60.4%
it's
60.4%
not
56.6%
not
56.6%
not
56.6%
not
56.6%
not
56.6%
not
56.6%
not
56.6%
here
54.7%
for
54%
for
54%
taste
49.2%
obsessed
49.1%
close
46.9%
Lying
45.8%
darkness
44.4%
make
43.6%
make
43.6%
make
43.6%
fear
42.9%
enough
41.5%
happy
40.6%
unless
40.5%
dreams
38.3%
meaning
36.7%
dreaming
36.3%
out
36%
these
34.3%
ready
34.2%
again
34.2%
ready
34.2%
again
34.2%
knew
33.7%
will
32.9%
breathing
32.6%
wish
32.5%
sense
31.3%
Freaking
30.8%
dangerous
30.2%
dangerous
30.2%
amends
29.6%
amends
29.6%
alive
29.5%
How
29.3%
us
28.8%
us
28.8%
willing
28.7%
willing
28.7%
daylight's
27.4%
daylight's
27.4%
just
27.1%
feels
26.7%
turn
26.1%
dust
25.5%
both
23.6%
too
23.4%
seeing
22.7%
because
21.8%
late
20.3%
much
18.2%

You're not logged in!

Compare scores with friends on all Sporcle quizzes.
Sign Up with Email
OR
Log In

You Might Also Like...

Show Comments

Extras

Top Quizzes Today


Score Distribution

Your Account Isn't Verified!

In order to create a playlist on Sporcle, you need to verify the email address you used during registration. Go to your Sporcle Settings to finish the process.

Report this User

Report this user for behavior that violates our Community Guidelines.

Details: